00334nam a2200121Ia 4500008004100000041000800041082001600049100002100065245004500086260004200131300003000173365000900203240624s9999 xx 000 0 und d aeng a658.155 CEN aCENDROWSKI HARRY aENTERPRISE RISK MANAGEMENT AND COSO A GU c2009aNew JerseybJohn Wiley and Sons axv, : 335 : p. : cm. ; 23 cb20